02175nam a2200517 a 450000500170000000800410001702000180005804100080007624500520008425000550013626000600019130000120025150001200026365300390038365300270042265300440044965300390049365300390053265300350057165300550060665300380066165300590069965300350075865300750079365300250086865300640089365300540095765300720101165300690108365300590115265300840121165300470129565300410134265300580138365300240144165300190146565300130148470000200149770000180151770000220153570000210155770000190157870000230159770000180162070000190163820240412120535.0100806t2016||||ag a f |||| 001 0 spa d a9789500606264 aspa aBiología celular y molecular /cHarvey Lodish a7a ed.bTraducción Editorial Medica Panamericana aBuenos Aires: bEditorial Médica Panamericana;c2016. a1154 p. aLodish, H. et al. (2016). Biología celular y molecular. (7a ed.). Buenos Aires : Editorial Médica Panamericana. aMoleculas, células y evolución aFundamentos químicos aEstructura y función de las proteinas aMecanismos genéticos moleculares aTécnicas de genética molecular aGenes, genómica y cromosomas aControl transcripcional de la expresión génica aControl génico postrasduccional aCultivo, visualización y perturbación de células aEstructura de las biomembranas aTransporte de iones y moléculas pequeñas a través de la membrana aEnergética celular aMovimiento de las proteínas hacia la membrana y órganos aTránsito, secreción y endocitoris vesiculares aTransducción de la señal y receptores acomplados a proteína G aVías de señalización que controlan la expresión génica aOrganización y movimiento celular I: microfilamentos aOrganización y movimiento celular II: microtúbulos y filamentos intermedios aCiclo celular de las células eucariontes aIntegración de céulas en tejidos aCélulas madre, asimetría celualr y muerte celular aCélulas nerviosas aIInmunología aCáncer1 aLodish, Harvey.1 aBerk, Arnold.1 aScott, Matthew P.1 aKaiser, Chris A.1 aKrieger, Monty1 aBretscher, Anthony1 aPloegh, Hidde1 aAmon, Angelika